Normal view MARC view

Entry Personal Name

Number of records used in: 1

001 - CONTROL NUMBER

  • control field: 1155147

003 - CONTROL NUMBER IDENTIFIER

  • control field: OSt

005 - DATE AND TIME OF LATEST TRANSACTION

  • control field: 20260324115548.0

008 - FIXED-LENGTH DATA ELEMENTS

  • fixed length control field: 260324|| aca||aabn | a|a d

040 ## - CATALOGING SOURCE

  • Original cataloging agency: OSt
  • Transcribing agency: OSt

100 ## - HEADING--PERSONAL NAME

  • Personal name: Ronald G. Bercaw; Kurt A. Knoth; Susan T. Snedaker

670 ## - SOURCE DATA FOUND

  • Source citation: Work cat.: (OSt)1746111: Ronald G. Bercaw; Kurt A. Knoth; Susan T. Snedaker, The Lean Electronic Health Record
Copyright @ Delhi University Library System